Terapéutica por el ejercicio / (Record no. 92298)
[ view plain ]
| 000 -LEADER | |
|---|---|
| campo de control de longitud fija | 00493nam a2200157 i 4500 |
| 001 - NÚMERO DE CONTROL | |
| campo de control | 92298 |
| 003 - IDENTIFICADOR DE NÚMERO DE CONTROL | |
| campo de control | ES-MaACL |
| 007 - CAMPO FIJO DE DESCRIPCIÓN FÍSICA--INFORMACIÓN GENERAL | |
| campo de control de longitud fija | t| |
| 008 - DATOS DE LONGITUD FIJA--INFORMACIÓN GENERAL | |
| campo de control de longitud fija | 050224s1964 sp ||||1| spa d |
| 100 1# - ENTRADA PRINCIPAL--NOMBRE DE PERSONA | |
| Nombre de persona | Licht, Sidney. |
| 9 (RLIN) | 72182 |
| 245 10 - MENCIÓN DEL TÍTULO | |
| Título | Terapéutica por el ejercicio / |
| Mención de responsabilidad, etc. | obra dirigida por Sidney Licht; asistido por Ernest W. Tohnson. |
| 260 ## - PUBLICACIÓN, DISTRIBUCIÓN, ETC. | |
| Lugar de publicación, distribución, etc. | Barcelona : |
| Nombre del editor, distribuidor, etc. | Salvat, |
| Fecha de publicación, distribución, etc. | [1964] |
| 300 ## - DESCRIPCIÓN FÍSICA | |
| Extensión | XII, 662 p. : |
| Otras características físicas | il. ; |
| Dimensiones | 29 cm. |
| 700 1# - ENTRADA AGREGADA--NOMBRE PERSONAL | |
| Nombre de persona | Tohnson, Ernest W. |
| 9 (RLIN) | 110428 |
| 852 ## - LOCALIZACIÓN | |
| Ubicación | ES-MaACL |
| Número de control de estantería | E-668 |
| Sublocalización o colección | R.56504 |
| Estatus retirado | Estado de pérdida | Estado de daño | No para préstamo | Biblioteca de origen | Biblioteca actual | Ubicación en estantería | Fecha de adquisición | Fuente de adquisición | Total de préstamos | Signatura topográfica completa | Código de barras | Visto por última vez | Precio de reemplazo | Tipo de ítem Koha |
|---|---|---|---|---|---|---|---|---|---|---|---|---|---|---|
| Biblioteca del Ateneo de Madrid | Biblioteca del Ateneo de Madrid | Depósito 2 | 17/01/2008 | E-668 | 1096359 | 23/02/2023 | 23/02/2023 | Libro impreso |
